| 000 | 00684nam a2200217 a 4500 | ||
|---|---|---|---|
| 003 | PILC | ||
| 005 | 20151008132939.0 | ||
| 008 | 091208s19uu xx 00 eng d | ||
| 020 | _a9789810698782 | ||
| 050 |
_aRT 84.5 _b.N938 2008 |
||
| 100 | _aGeorge, Julia B. | ||
| 245 |
_aNursing Theories : _bthe base for professional nursing practice / _cJulia B. George. |
||
| 250 | _a5th edition. | ||
| 260 |
_aNew Jersey : _bPrentice Hall, _c2008. |
||
| 300 |
_a611 pages : _billustrations ; _c23 cm. |
||
| 500 | _aIncludes glossary and index. | ||
| 650 |
_aNursing services _xAdministration _xproblems, exercises, etc. |
||
| 942 |
_cBK _2lcc _kFOR |
||
| 999 |
_c23787 _d23787 |
||